Zákonník práce a předpisy souvisící

Guardado en:
Detalles Bibliográficos
Formato: Libro
Lenguaje:checo
Publicado: Praha Práce 1985
Edición:11. uprav. a dopln. vyd.
Etiquetas: Agregar Etiqueta
Sin Etiquetas, Sea el primero en etiquetar este registro!

MARC

LEADER 00000nam a2200000 4500
001 c033650
005 20221220082517.1
041 0 |a cze 
044 |a CZ 
245 1 0 |a Zákonník práce a předpisy souvisící 
250 |a 11. uprav. a dopln. vyd. 
264 1 |a Praha  |b Práce  |c 1985 
300 |a 454 s.